| 000 | 00828cam a2200217 a 4500 | ||
|---|---|---|---|
| 999 |
_c14003 _d14003 |
||
| 003 | OSt | ||
| 005 | 20260312125958.0 | ||
| 008 | 870805s1987 nyua 000 0 eng | ||
| 020 |
_a9780486253329 _q(pbk.) |
||
| 082 | 0 | 0 |
_a711/.4/0904 _219 |
| 100 | 0 |
_aLe Corbusier, _d1887-1965. |
|
| 240 | 1 | 0 |
_aUrbanisme. _lEnglish |
| 245 | 1 | 4 |
_aThe city of to-morrow and its planning / _cby Le Corbusier ; translated from the 8th French edition of Urbanisme and with an introduction by Frederick Etchells. |
| 260 |
_aNew York : _bDover, _c1987. |
||
| 300 |
_axxvii, 301 p. : _bill. ; _c25 cm. |
||
| 500 | _aTranslation of: Urbanisme. | ||
| 650 | 0 |
_aCity planning _xForecasting. |
|
| 650 | 0 |
_aCity planning _xHistory _y20th century. |
|
| 856 | 4 | 2 |
_3Publisher description _uhttp://www.loc.gov/catdir/description/dover032/86024342.html |
| 942 | _2ddc | ||